[Event "Gobernacion op"]
[Site "Gobernacion"]
[Date "2015.12.01"]
[Round "6"]
[White "Luna, Arnulfo"]
[Black "Rodriguez Venegas, Jaime"]
[Result "0-1"]
[WhiteElo "1592"]
[BlackElo "1685"]
[PlyCount "70"]
[EventDate "2015.11.28"]
[EventType "swiss"]
[EventRounds "7"]
[EventCountry "COL"]
[SourceTitle "EXT 2019"]
[Source "ChessBase"]
[SourceDate "2018.10.10"]
[SourceVersion "1"]
[SourceVersionDate "2018.10.10"]
[SourceQuality "1"]

1. c4 Nf6 2. Nc3 e6 3. Nf3 d5 4. cxd5 exd5 5. d4 Bf5 6. g3 Bd6 7. Bg5 c6 8. Ne5 h6 9. Bxf6 Qxf6 10. Bg2 Bxe5 11. dxe5 Qxe5 12. Rc1 Nd7 13. 0-0 0-0 14. Re1 Nf6 15. Qb3 Rab8 16. e3 Qe6 17. Qa4 a6 18. Ne2 Qd7 19. Nd4 Bh3 20. Bf3 Bg4 21. Bg2 Rfe8 22. Nf3 Bh3 23. Qh4 Bxg2 24. Kxg2 Re4 25. Nd2 Rxh4 26. gxh4 Qg4+ 27. Kf1 Re8 28. Re2 Qxh4 29. Nf3 Qh3+ 30. Ke1 Qxf3 31. Kd2 Ne4+ 32. Kc2 Qxe2+ 33. Kb1 Nd2+ 34. Kc2 Nc4+ 35. Kb1 Qxb2# 0-1